Normal view
MARC view
- الرياضيات - مناهج واساليب تدريس
Entry Topical Term
001 - CONTROL NUMBER
- control field: 57744
003 - CONTROL NUMBER IDENTIFIER
- control field: JO-AjAnu
005 - DATE AND TIME OF LATEST TRANSACTION
- control field: 20230606083444.0
008 - FIXED-LENGTH DATA ELEMENTS
- fixed length control field: 230606|| aca||aabn | a|a d
040 ## - CATALOGING SOURCE
- Original cataloging agency: JO-AjAnu
- Transcribing agency: JO-AjAnu
150 ## - HEADING--TOPICAL TERM
- Topical term or geographic name entry element: الرياضيات - مناهج واساليب تدريس
670 ## - SOURCE DATA FOUND
- Source citation: Work cat.: (JO-AjAnu)29462: اعداد قدومي، فدوى عبد الرحيم ابراهيم؛ اشراف عدنان سليم العايد, author 57743, فاعلية استخدام استراتيجية التعلم السداسي PDEODE في اكتساب طلبة الصف التاسع الاساسي مفاهيم النسب المثلثية وتطبيقاتها وفي فلق الرياضيات لديهم